Coloquio sobre Teseo y la Copa de Aison / (Record no. 71902)

MARC details
000 -LEADER
campo de control de longitud fija 01385cam a2200385 a 4500
001 - NÚMERO DE CONTROL
campo de control 56000
005 - FECHA Y HORA DE LA ÚLTIMA TRANSACCIÓN
campo de control 20230410124138.0
008 - DATOS DE LONGITUD FIJA--INFORMACIÓN GENERAL
campo de control de longitud fija 950329s1992 sp a b 100 0 spa
010 ## - NÚMERO DE CONTROL DE LA BIBLIOTECA DEL CONGRESO
Número de control de LC 95133539
035 ## - NÚMERO DE CONTROL DEL SISTEMA
Número de control de sistema (OCoLC)ocm35651413
040 ## - FUENTE DE CATALOGACIÓN
Centro catalogador/agencia de origen DLC
Centro/agencia transcriptor DLC
Centro/agencia modificador NYP
-- CIN
019 ## -
-- 31220951
020 ## - NÚMERO INTERNACIONAL ESTÁNDAR DEL LIBRO
Número Internacional Estándar del Libro 8400072545
020 ## - NÚMERO INTERNACIONAL ESTÁNDAR DEL LIBRO
Número Internacional Estándar del Libro 9788400072544
035 ## - NÚMERO DE CONTROL DEL SISTEMA
Número de control de sistema (OCoLC)35651413
Número de control cancelado/no válido (OCoLC)31220951
041 0# - CÓDIGO DE IDIOMA
Código de lengua del texto/banda sonora o título independiente spafregerita
043 ## - CÓDIGO DE ÁREA GEOGRÁFICA
Código de área geográfica e-gr---
050 14 - SIGNATURA TOPOGRÁFICA DE LA BIBLIOTECA DEL CONGRESO
Número de clasificación ND 115
Número de ítem C719c 1992
049 ## - FONDOS LOCALES (OCLC)
Biblioteca depositaria GRAL
111 2# - ENTRADA PRINCIPAL--NOMBRE DE CONGRESO/REUNIÓN
Nombre de congreso/reunión o jurisdicción como elemento de entrada Coloquio sobre Teseo y la Copa de Aison
Fecha del congreso o de la firma del tratado (1990 :
Sede del congreso/Lugar de la reunión Madrid, Spain)
245 10 - MENCIÓN DEL TÍTULO
Título Coloquio sobre Teseo y la Copa de Aison /
Mención de responsabilidad, etc. Ricardo Olmos, coordinador.
260 ## - PUBLICACIÓN, DISTRIBUCIÓN, ETC.
Lugar de publicación, distribución, etc. Madrid :
Nombre del editor, distribuidor, etc. Consejo Superior de Investigaciones Científicas (CSIC),
Fecha de publicación, distribución, etc. 1992.
300 ## - DESCRIPCIÓN FÍSICA
Extensión 226 p. :
Otras características físicas ill. ;
Dimensiones 28 cm.
440 #0 - MENCIÓN DE SERIE/PUNTO DE ACCESO ADICIONAL--TÍTULO
Título Anejos de Archivo Español de Arqueología ;
Designación de volumen o secuencia 12
504 ## - NOTA DE BIBLIOGRAFÍA, ETC.
Nota de bibliografía, etc. Includes bibliographical references.
600 10 - PUNTO DE ACCESO ADICIONAL DE MATERIA--NOMBRE DE PERSONA
Nombre de persona Aison,
Fechas asociadas al nombre 5th cent. B.C.
Subdivisión general Criticism and interpretation
-- Congresses.
650 #0 - PUNTO DE ACCESO ADICIONAL DE MATERIA--TÉRMINO DE MATERIA
Término de materia o nombre geográfico como elemento de entrada Theseus (Greek mythology)
Subdivisión general Art
-- Congresses.
650 #0 - PUNTO DE ACCESO ADICIONAL DE MATERIA--TÉRMINO DE MATERIA
Término de materia o nombre geográfico como elemento de entrada Vases, Red-figured
Subdivisión geográfica Greece
Subdivisión general Congresses.
650 #0 - PUNTO DE ACCESO ADICIONAL DE MATERIA--TÉRMINO DE MATERIA
Término de materia o nombre geográfico como elemento de entrada Theseus (Greek mythology)
Subdivisión general Influence
-- Congresses.
700 1# - ENTRADA AGREGADA--NOMBRE PERSONAL
Nombre de persona Olmos Romera, Ricardo.
856 42 - LOCALIZACIÓN Y ACCESO ELECTRÓNICOS
Materiales especificados Más?... busque en WorldCat (solo desde FUNGLODE)
Identificador Uniforme de Recursos <a href="www.firstsearch.oclc.org/fsip">www.firstsearch.oclc.org/fsip</a>
942 ## - ELEMENTOS DE ENTRADA SECUNDARIOS (KOHA)
Fuente del sistema de clasificación o colocación Clasificación de Library of Congress
Tipo de ítem Koha
946 ## - PROCESAMIENTO DE INFORMACIÓN LOCAL (OCLC)
a mfcruz
994 ## -
-- C0
-- DRFGD
Holdings
Estatus retirado Estado de pérdida Fuente del sistema de clasificación o colocación Estado de daño No para préstamo Colección Biblioteca de origen Biblioteca actual Ubicación en estantería Fecha de adquisición Serial enumeration / chronology Signatura topográfica completa Código de barras Visto por última vez Copia número Tipo de ítem Koha
    Clasificación de Library of Congress     Humanidades Biblioteca Juan Bosch Biblioteca Juan Bosch Humanidades (4to. Piso) 10/04/2023 1 ND 115 C719c 1992 00000057694 25/10/2018 1